000 00487nam a2200205Ia 4500
005 20240823025322.0
008 240823s9999||||xx |||||||||||||| ||und||
020 _a978-81-312-1669-9
041 _aENGLISH
082 _A620.106 P9
100 _aPijush K Kundu
245 0 _aFluid Mechanics
250 _a4th
260 _c2009
_bElsevier Academic
500 _aTRANSFERED
650 _aFluid Mechanics
_bMechanical
700 _a Ira M Cohen
942 _cBK
999 _c186031
_d186031